1931 1650 1989 1033 1263 1345 1296 1296 1477 1100 1994 1856 1441 1752 1256 1426 1302 1096 1865 1905 1447 1699 1981 1894 1484 1516 1730 1140 1627 1952 1940 1070 1455 1533 1297 1446 1687 1487 1140 1125 1375 1101 1012 1275 1133 1522 1606 1315 1760 1379 1285 1801 1972 1640 1669 1736 1406 1147 1078 1057 1651 1285 1173 1317 1448 1990 1523 1706 1079 1606 1110 1792 1179 1935 1362 1469 1573 1269 1354 1679 1282 1537 1459 1299 1589 1286 1246 1215 1016 1683 1141 1392 1907 1460 1247 1063 1807 1335 1844 BCNSPRNW ULIB Ver.6.0+V

เปลี่ยนเป็นภาษาไทย

Change to English
 แสดงรายละเอียดบรรณานุกรม
  กลับหน้าหลัก

Brief Record : Get Marc (ISO 2709) : E-mail record : QR code < ปิดหน้าต่าง
LEADER : 00000nam 2200000uu 4500
001    13399123340
003     ULIB
008    140825s2543||||th 000 0 tha d
099    วจ WM105^bพ877ก
100 0  เพ็ญพรรณ ขจรศิลป์, ทุติยรัตน์ รื่นเริง และลักษณา นาควัชรางกูร
245 00 การศึกษาพฤติกรรมการดูแลตนเองด้านสุขภาพจิตของนักศึกษาพยาบาลชั้นปีที่ 2 ที่เข้าร่วมโปรแกรมการเรียนรู้แบบมีส่วนร่วม /^cเพ็ญพรรณ ขจรศิลป์, ทุติยรัตน์ รื่นเริง และลักษณา นาควัชรางกูร
260    ชลบุรี :^bวิทยาลัยพยาบาลบรมราชชนนี ชลบุรี,^c2543
300    180 หน้า
650  7 พฤติกรรมการดูแลตนเอง
650  7 การเรียนรู้แบบมีส่วนร่วม
650  7 พฤติกรรมการดูแลตนเองด้านสุขภาพจิต
945    ^p0^l0^i012800
999    ^aเกษร โพธิ์สุวรรณ
รายการนี้ยังไม่มีแท็ก
คุณยังไม่ได้ล็อกอิน คุณสามารถมีกิจกรรมร่วมกับเว็บไซต์ได้ แต่ต้องล็อกอินก่อน ::
  ล็อกอิน

รายการสื่อสารสนเทศ

ลำดับที่ ประเภท เลขเรียก/บาร์โค้ด สถานที่ สถานะ
1. งานวิจัย
งานวิจัย
วจ WM105 พ877ก ฉ.1 
  Barcode: 012800
ห้องสมุดวิทยาเขตสวรรค์ประชารักษ์
►วิจัย
บนชั้น

รายการใกล้เคียง
    หัวเรื่อง [พฤติกรรมการดูแลตนเอง]

BibComment


ยังไม่เคยถูกคอมเมนท์

คอมเมนท์ทรัพยากรรายการนี้
  คอมเมนท์: การศึกษาพฤติกรรมก..


 Copyright 2026. Bcnsprnw @Library